000 00262nam a22001217a 4500
008 181015b xxu||||| |||| 00| 0 eng d
041 _aeng
080 _a321
100 _a20
101 _aPOL
245 _aDemocracy In America
_cBradley.p
942 _2udc
_cBK
999 _c49702
_d49702